| 000 | 00557cab a2200217 4500 | ||
|---|---|---|---|
| 001 | X1864 | ||
| 008 | 090401t1995 xxu||||| |||| 00| 0 eng d | ||
| 035 | _a(Sirsi) u20017 | ||
| 041 | _aeng | ||
| 245 | _aAcademia and business bonds | ||
| 260 | _c1995 | ||
| 350 | _a0 | ||
| 490 |
_aCSM (Chartered Surveyor Monthly) _v4(3) January 1995, 65(1) |
||
| 650 | _aACADEMIA | ||
| 650 | _aBUSINESS | ||
| 650 | _aCO-OPERATION | ||
| 650 | _aUNIVERSITIES | ||
| 690 | _aMANAGEMENT-BUSINESS MANAGEMENT-PROFESSIONAL PRACTICE | ||
| 942 | _n0 | ||
| 948 | _c04/03/1997 | ||
| 999 |
_c13412 _d13412 |
||